Incentives und Wirtschaftswachstum zur Steuerpolitik in der frühen Nachkriegszeit

Gespeichert in:
Bibliographische Detailangaben
1. Verfasser: Boss, Alfred
Format: Buch
Sprache:Deutsch
Veröffentlicht: Kiel Institut für Weltwirtschaft 1987
Schriftenreihe:Arbeitspapier Nr. 295
Tags: Tag hinzufügen
Keine Tags, Fügen Sie das erste Tag hinzu!

MARC

LEADER 00000nam a2200000 4500
001 c111135
005 20181203150319.2
041 0 |a ger 
044 |a DE 
245 1 0 |a Incentives und Wirtschaftswachstum  |b zur Steuerpolitik in der frühen Nachkriegszeit  |c Alfred Boss 
264 1 |a Kiel  |b Institut für Weltwirtschaft  |c 1987 
300 |a 46 s. 
490 1 |a Arbeitspapier  |v Nr. 295 
830 0 |a Arbeitspapier  |v Nr. 295 
100 1 |a Boss, Alfred